000 00822nam a2200241 a 4500
001 BRCA_4222
005 20190320204605.0
008 090610s1973----mx-#######---#000-0#spa-#
041 _aspa
044 _amx
050 4 _aN8
_b.A53 1
_c1973
245 1 0 _aAnales del Instituto de Investigaciones Estéticas
_cdirectora Clementina Díaz y de Ovando.
260 _aMéxico
_bUNAM, Instituto de Investigaciones Estéticas
_c1973
300 _a193 p.
_bil.
_c24 cm.
440 0 _aAnales del Instituto de Investigaciones Estéticas
_v42, vol. XII
_910885
500 _aIncluye sumario y notas bibliográficas
500 _aVer también CFG37, CFG58, CFG59, CFG60, CFG61 y H30
500 _aAM31
650 1 4 _aBiografías
_zMéxico
_910886
700 1 _aDiaz y de Ovando, Clementina
_99893
902 _aGFM
942 _2lcc
_cB
999 _c3933
_d3933